1036 1790 1233 1844 1382 1044 1678 1264 1198 1246 1870 1079 1110 1236 1339 1422 1397 1024 1610 1526 1801 1435 1474 1507 1638 1658 1607 1168 1090 1940 1526 1804 1574 1552 1696 1174 1650 1976 1309 1797 1236 1454 1192 1561 1027 1712 1862 1476 1344 1619 1106 1537 1403 1880 1996 1660 1131 1075 1737 1607 1136 1317 1835 1435 1821 1220 1847 1684 1270 1963 1241 1498 1738 1697 1211 1239 1623 1346 1349 1637 1835 1098 1615 1932 1346 1150 1517 1961 1223 1730 1961 1782 1525 1041 1910 1044 1536 1426 1926 BCNSPRNW ULIB Ver.6.0+V

เปลี่ยนเป็นภาษาไทย

Change to English
 แสดงรายละเอียดบรรณานุกรม
  กลับหน้าหลัก

Brief Record : Get Marc (ISO 2709) : E-mail record : QR code < ปิดหน้าต่าง
LEADER : 00000nam 2200000uu 4500
001    13399114339
003     ULIB
008    120322s2551||||th 000 0 tha d
020    ^a9789741654345
090    ^aนว.^bน713ล 2551
100 0  ^aนีรดา
245 00 ^aเล่ห์รักพายุปรารถนา/^cนีรดา
250    ^aพิมพ์ครั้งที่ 1
260    ^aกรุงเทพฯ :^bsugar beat,^c2551
300    ^a247 หน้า
710 1  ^asugar beat
945    ^p160^l0^i15300
995    ^aกัณชพร
999    ^aใช้งานได้ทุกระบบ
รายการนี้ยังไม่มีแท็ก
คุณยังไม่ได้ล็อกอิน คุณสามารถมีกิจกรรมร่วมกับเว็บไซต์ได้ แต่ต้องล็อกอินก่อน ::
  ล็อกอิน

รายการสื่อสารสนเทศ

ลำดับที่ ประเภท เลขเรียก/บาร์โค้ด สถานที่ สถานะ
1. วิทยาศาสตร์การแพทย์ และสุขภาพ
วิทยาศาสตร์การแพทย์ และสุขภาพ
นว. น713ล 2551  
  Barcode: 15300
ห้องสมุดวิทยาเขตสวรรค์ประชารักษ์
►นวนิยาย
บนชั้น
  ขอยืม

BibComment


ยังไม่เคยถูกคอมเมนท์

คอมเมนท์ทรัพยากรรายการนี้
  คอมเมนท์: เล่ห์รักพายุปราร..


 Copyright 2026. Bcnsprnw @Library